[Event "GRE-ch U16"]
[Site "Rio Achaia"]
[Date "2018.07.09"]
[Round "9"]
[White "Balis, Georgios Efraim"]
[Black "Papadopoulos, Ioannis1111"]
[Result "1/2-1/2"]
[WhiteElo "1248"]
[BlackElo "1929"]
[PlyCount "45"]
[EventDate "2018.07.03"]
[EventType "swiss"]
[EventRounds "9"]
[EventCountry "GRE"]
[SourceTitle "EXT 2019"]
[Source "ChessBase"]
[SourceDate "2018.10.10"]
[SourceVersion "1"]
[SourceVersionDate "2018.10.10"]
[SourceQuality "1"]

1. e4 e5 2. f4 exf4 3. Bc4 Qh4+ 4. Kf1 Qd8 5. d4 d6 6. Bxf4 Nf6 7. Nc3 Nc6 8. h3 Be7 9. Nf3 0-0 10. Qe1 Re8 11. Ng5 d5 12. Nxd5 Nxd5 13. Nxf7 Kxf7 14. exd5 Na5 15. Qxa5 Bd6 16. Bxd6 Qxd6 17. Qc5 Qf4+ 18. Kg1 Qe3+ 19. Kh2 Qf4+ 20. Kg1 Qe3+ 21. Kh2 Qf4+ 22. Kg1 Qe3+ 23. Kh2 1/2-1/2